Library Banner

Islamic Shi'ite (Record no. 70640)

MARC details
000 -LEADER
fixed length control field 00392nam a22001577a 4500
005 - DATE AND TIME OF LATEST TRANSACTION
control field 20150429123124.0
008 - FIXED-LENGTH DATA ELEMENTS--GENERAL INFORMATION
fixed length control field 150429b xxu||||| |||| 00| 0 eng d
040 ## - CATALOGING SOURCE
Transcribing agency PK-LaUMT
082 ## - DEWEY DECIMAL CLASSIFICATION NUMBER
Classification number KHC 297.8203
Item number HAS-I
100 ## - MAIN ENTRY--PERSONAL NAME
Personal name Hassan Al-Amin
245 ## - TITLE STATEMENT
Title Islamic Shi'ite
Remainder of title encyclopaedia
Statement of responsibility, etc Hassan Al-Amin
260 ## - PUBLICATION, DISTRIBUTION, ETC. (IMPRINT)
Place of publication, distribution, etc Beirut
Name of publisher, distributor, etc [ ]
Date of publication, distribution, etc 1968
300 ## - PHYSICAL DESCRIPTION
Extent 208 p.
490 ## - SERIES STATEMENT
Volume number/sequential designation Vol. 1
942 ## - ADDED ENTRY ELEMENTS (KOHA)
Koha item type Books
Holdings
Withdrawn status Lost status Damaged status Home library Current library Date acquired Full call number Barcode Date last seen Price effective from Koha item type
      UMT Main Campus UMT Main Campus 2015-04-29 KHC 297.8203 HAS-I 72923 2015-04-29 2015-04-29 Books